Statistics for Dortmund vs Schalke 4-0 Starting XI + Substitutes

Click here to take the quiz!

General Stats

  • This quiz has been taken 14 times
  • The average score is 9 of 33

Answer Stats

PositionFotMob RatingPlayer% Correct
ST8.3, 1 goal, 1 assistErling Håland
85%
CB7.1Mats Hummels
77%
GK7.0Roman Bürki
77%
RW (sub) ---> 79'6.3Jadon Sancho
69%
ManagerLucien Favre
62%
LCB7.4Manuel Akanji
54%
LW8.7, 2 assistsJulian Brandt
38%
LAM5.8Amine Harit
31%
LM (sub) ---> 87'Mario Götze
31%
GK2.9Markus Schubert
31%
RW <--- 79'7.9, 1 goal, 1 assistThorgan Hazard
31%
RAM <--- 76'6.1Daniel Caligiuri
23%
ST (sub) ---> 46'6.0Guido Burgstaller
23%
RCB7.4Lukasz Piszczek
23%
RCM (sub) ---> 87'Marcel Schmelzer
23%
LM <--- 87'9.1, 2 goalsRaphaël Guerreiro
23%
LCM <--- 68'6.8Thomas Delaney
23%
RM7.6Achraf Hakimi
15%
RCM <--- 87'6.0Mahmoud Dahoud
15%
CB5.6Salif Sané
15%
RCM <--- 73'5.2Suat Serdar
15%
LM6.9Bastian Oczipka
8%
ST <--- 46'5.3Benito Raman
8%
ManagerDavid Wagner
8%
RCB <--- 46'6.3Jean-Clair Todibo
8%
RM <--- 87'6.5Jonjoe Kenny
8%
LCB4.8Matija Nastasic
8%
RCB (sub) ---> 46'5.5Rabbi Matondo
8%
RM (sub) ---> 87'Timo Becker
8%
LCM7.0Weston McKennie
8%
RCM (sub) ---> 73'5.4Alessandro Schöpf
0%
RAM (sub) ---> 76'5.8Juan Miranda
0%
LCM (sub) ---> 68'6.3Leonardo Balerdi
0%

Score Distribution

Percentile by Number Answered

Percent of People with Each Score

Your Score History

You have not taken this quiz